000 01490nam a2200241Ia 4500
003 Ost
005 20260507075242.0
008 260507s9999||||xx |||||||||||||| ||und||
040 _cfsecg
041 _aara
082 _a330
100 _aالهيتي، صلاح الدين
_eمؤلف
245 0 _aتحليل أسس الادارة العامة :
_bمنظور معاصر /
_c صلاح الدين الهيتي
260 _aعمان:
_bدار اليازوري,
_c2009
300 _a301 صفحة؛
_bإيضاحات ؛
_c24 سم
504 _aمراجع ص.300
520 _aالإدارة العامة : المفهوم ، الوظائف ، الأهداف ، الإداارة العامة في الإسلام ، مدخل دراسة الإدارةالعامة التأسيسية و التطويرية ، التحليل المعاصر للإدارة العامة ، المنظور الأيكولوجي لبيئة الإدارة العامة ، إدارة المعرفة و تكنولوجيا المعلومات و الحكومة الإلكترونية ، التنظيم الإداري الحكومي ، مقدمة في صنع السياسة العامة، الموازنة العامة للدولة ، إدارة الموارد البشرية ، الإدارة المحلية ــ الحكم المحلي .
653 _aإدارة الاعمال
653 _aالادارة
653 _aالادارة العامة
653 _aالتنظيم الاداري
942 _cكتاب
999 _c43627
_d43627